| 000 | 00335nam a2200121Ia 4500 | ||
|---|---|---|---|
| 008 | 180219s9999 xx 000 0 und d | ||
| 020 | _a9715131824 | ||
| 100 | _aUntalan, Aaron "CY" Tuesca | ||
| 245 | _aOrthopedic and bulalo nursing / | ||
| 250 | _a1st ed | ||
| 260 |
_aErmita City _bGUIANI print house _c2005 |
||
| 300 | _aiv, 269 pages | ||
| 999 |
_c355966 _d355966 |
||